[Event "Rochefort op 18th Op A"]
[Site "Rochefort"]
[Date "2019.02.16"]
[Round "4.11"]
[White "Coupet, Pascal"]
[Black "Sosa, Tomas"]
[Result "0-1"]
[WhiteElo "2267"]
[BlackElo "2502"]
[PlyCount "58"]
[EventDate "2019.02.16"]
[EventType "swiss"]
[EventRounds "9"]
[EventCountry "FRA"]
[SourceTitle "CBM 189 Extra"]
[Source "ChessBase"]
[SourceDate "2019.05.31"]
[SourceVersion "1"]
[SourceVersionDate "2019.05.31"]
[SourceQuality "1"]

1. e4 e5 2. Nf3 Nc6 3. Bc4 Nf6 4. d3 Bc5 5. c3 d6 6. Bb3 a6 7. Nbd2 Ba7 8. 0-0 h6 9. Re1 g5 10. d4 g4 11. dxe5 gxf3 12. exf6 fxg2 13. e5 Nxe5 14. Nc4 Qxf6 15. Be3 Nf3+ 16. Qxf3 Qxf3 17. Bxa7+ Be6 18. Bd4 Rg8 19. Nd2 Qf5 20. Re3 0-0-0 21. c4 Rg4 22. Bc3 Rdg8 23. Rc1 Rf4 24. Bc2 Qh5 25. Rg3 Rxg3 26. fxg3 Qc5+ 27. Kxg2 Rf2+ 28. Kh1 Qh5 29. h4 Qg4 0-1

[Event "World op 34th"]
[Site "Philadelphia"]
[Date "2006.06.30"]
[Round "3"]
[White "Coupet, Pascal"]
[Black "Steigman, AJ."]
[Result "1-0"]
[WhiteElo "2283"]
[BlackElo "2291"]
[PlyCount "79"]
[EventDate "2006.06.28"]
[EventType "swiss"]
[EventRounds "9"]
[EventCountry "USA"]
[SourceTitle "CBM 112 Extra"]
[Source "ChessBase"]
[SourceDate "2006.07.14"]
[SourceVersion "1"]
[SourceVersionDate "2006.07.14"]
[SourceQuality "1"]

1. e4 c5 2. c3 d5 3. exd5 Qxd5 4. Nf3 Nf6 5. Na3 e6 6. d4 Be7 7. Be3 Ng4 8. Bd3 Nxe3 9. fxe3 0-0 10. Qc2 g6 11. h4 cxd4 12. exd4 f5 13. Nc4 Nd7 14. 0-0-0 b5 15. Ne3 Qxa2 16. Bxb5 Nb6 17. Ne5 Bb7 18. Kd2 Be4 19. Bd3 Bxd3 20. Nxd3 f4 21. Ng4 Qd5 22. Kc1 Nc4 23. Rde1 Rab8 24. Nge5 Ne3 25. Nxf4 Nxc2 26. Nxd5 exd5 27. Kxc2 Rf2+ 28. Kd3 Rbxb2 29. Nf3 Bf6 30. Re6 Kg7 31. Ra6 Rxg2 32. Rxa7+ Kf8 33. Rxh7 Rbf2 34. Ke3 Rc2 35. Ra1 Rxc3+ 36. Kf4 Kg8 37. Rd7 Rc8 38. Ra6 Rd8 39. Rxd8+ Bxd8 40. Ra8 1-0

[Event "FRA-chT2S 0203"]
[Site "France"]
[Date "2002.11.17"]
[Round "3.5"]
[White "Coupet, Pascal"]
[Black "Dubois, Jean Marie"]
[Result "1-0"]
[WhiteElo "2280"]
[BlackElo "2291"]
[PlyCount "133"]
[EventDate "2002.10.??"]
[EventType "team-tourn"]
[EventRounds "11"]
[EventCountry "FRA"]
[SourceTitle "EXT 2004"]
[Source "ChessBase"]
[SourceDate "2003.11.25"]
[SourceVersion "1"]
[SourceVersionDate "2003.11.25"]
[SourceQuality "1"]
[WhiteTeam "Clichy II"]
[BlackTeam "Maromme"]
[WhiteTeamCountry "FRA"]
[BlackTeamCountry "FRA"]

1. e4 d6 2. d4 Nf6 3. Nc3 g6 4. g3 Bg7 5. Bg2 0-0 6. Nge2 c6 7. 0-0 e5 8. h3 b5 9. a3 Bb7 10. Be3 Qc7 11. g4 a6 12. Ng3 h6 13. f4 Nbd7 14. dxe5 dxe5 15. g5 Nh7 16. f5 hxg5 17. Qd2 Bf6 18. Rad1 Nb6 19. Qf2 Nc4 20. Bc1 Be7 21. Qf3 Rad8 22. Rd3 a5 23. Nd1 Bc5+ 24. Kh1 Rxd3 25. cxd3 Nd6 26. h4 gxh4 27. Bh6 hxg3 28. fxg6 fxg6 29. Bxf8 Ng5 30. Qxg3 Qh7+ 31. Qh2 Qxh2+ 32. Kxh2 Ndxe4 33. Bh6 Kh7 34. Bxg5 Nxg5 35. Nc3 Kg7 36. Nxb5 cxb5 37. Bxb7 Bd4 38. b3 Ne6 39. Bc6 Bb2 40. Bxb5 Bxa3 41. Bc4 Nf4 42. Kg3 Bb2 43. Kf3 Nh5 44. Rf2 Bd4 45. Ra2 Bc3 46. Rc2 Bd4 47. Bd5 Nf6 48. Be6 g5 49. Rc7+ Kg6 50. Rb7 Kh5 51. Rb5 Kh4 52. Rb8 g4+ 53. Bxg4 e4+ 54. dxe4 Nxg4 55. Rb5 Bc3 56. Kf4 Bd2+ 57. Kf5 Ne3+ 58. Kg6 Nc2 59. Rd5 Bb4 60. e5 Kg4 61. e6 Kf4 62. Rxa5 Ke3 63. Ra4 Bd6 64. Ra6 Bb4 65. Rb6 Bc5 66. Rc6 Nd4 67. Rxc5 1-0

[Event "FRA-chTA 9697"]
[Site "France"]
[Date "1997.??.??"]
[Round "5"]
[White "Szabolcsi, Janos"]
[Black "Coupet, Pascal"]
[Result "1-0"]
[WhiteElo "2290"]
[BlackElo "2410"]
[PlyCount "55"]
[EventDate "1997.??.??"]
[EventType "team-tourn"]
[EventRounds "7"]
[EventCountry "FRA"]
[SourceTitle "EXT 1999"]
[Source "ChessBase"]
[SourceDate "1998.11.16"]
[SourceVersion "1"]
[SourceVersionDate "1998.11.16"]
[SourceQuality "1"]

1. d4 f5 2. Nf3 Nf6 3. g3 g6 4. c3 Bg7 5. Qb3 c6 6. Bg2 Qb6 7. Nbd2 d6 8. Nc4 Qxb3 9. axb3 Na6 10. Nfd2 Ne4 11. Nxe4 fxe4 12. Bxe4 d5 13. Bg2 dxc4 14. Rxa6 Bh3 15. Bxh3 bxa6 16. bxc4 e5 17. dxe5 Bxe5 18. Kd1 Kd8 19. Kc2 Kc7 20. Bg5 h6 21. Be3 g5 22. Bg2 Kb7 23. b4 Rhc8 24. h4 Re8 25. b5 axb5 26. cxb5 Rac8 27. hxg5 hxg5 28. bxc6+ 1-0

[Event "FRA-chT"]
[Site "France"]
[Date "1996.??.??"]
[Round "?"]
[White "Vasseur, Patrick"]
[Black "Coupet, Pascal"]
[Result "1/2-1/2"]
[WhiteElo "2180"]
[BlackElo "2295"]
[PlyCount "28"]
[EventDate "1996.??.??"]
[EventType "team-tourn"]
[EventRounds "11"]
[EventCountry "FRA"]
[SourceTitle "CBM 055 Extra"]
[Source "ChessBase"]
[SourceDate "1997.01.01"]
[SourceVersion "1"]
[SourceVersionDate "1997.01.01"]
[SourceQuality "1"]

1. d4 f5 2. Nf3 Nf6 3. Bf4 g6 4. e3 Bg7 5. Nbd2 c5 6. c3 Nc6 7. dxc5 Qa5 8. Nb3 Qa4 9. Nfd4 a6 10. Be2 e5 11. Nxc6 exf4 12. Ncd4 fxe3 13. f3 0-0 14. 0-0 Re8 1/2-1/2

[Event "Cannes op"]
[Site "Cannes"]
[Date "1995.??.??"]
[Round "9"]
[White "Manouck, Thierry"]
[Black "Coupet, Pascal"]
[Result "1/2-1/2"]
[WhiteElo "2320"]
[BlackElo "2290"]
[PlyCount "22"]
[EventDate "1995.02.??"]
[EventType "swiss"]
[EventRounds "9"]
[EventCountry "FRA"]
[SourceTitle "CBM 046 Extra"]
[Source "ChessBase"]
[SourceDate "1995.07.01"]
[SourceVersion "1"]
[SourceVersionDate "1995.07.01"]
[SourceQuality "1"]

1. b3 f5 2. Bb2 Nf6 3. f4 e6 4. Nf3 b6 5. e3 Bb7 6. Be2 Be7 7. 0-0 0-0 8. a4 a5 9. Na3 Na6 10. Nc4 Nc5 11. Qe1 Qe8 1/2-1/2

[Event "Clichy"]
[Site "Clichy"]
[Date "1994.??.??"]
[Round "8"]
[White "Coupet, Pascal"]
[Black "Grimberg, Gilbert"]
[Result "0-1"]
[WhiteElo "2290"]
[BlackElo "2310"]
[PlyCount "46"]
[EventDate "1994.??.??"]
[EventType "tourn"]
[EventRounds "9"]
[EventCountry "FRA"]
[EventCategory "3"]
[SourceTitle "EXT 1999"]
[Source "ChessBase"]
[SourceDate "1998.11.16"]
[SourceVersion "1"]
[SourceVersionDate "1998.11.16"]
[SourceQuality "1"]

1. e4 d5 2. exd5 Qxd5 3. Nc3 Qa5 4. d4 Nf6 5. Nf3 Bg4 6. h3 Bh5 7. g4 Bg6 8. Ne5 e6 9. Nc4 Qa6 10. Bf4 Qc6 11. f3 Bb4 12. Bd2 Nbd7 13. Ne5 Qb6 14. Nxg6 hxg6 15. Qe2 Qxd4 16. 0-0-0 0-0-0 17. Be3 Qe5 18. Nb5 Nd5 19. Bxa7 Qxe2 20. Bxe2 b6 21. Nd4 Kb7 22. Bb5 Ne5 23. c4 Nf4 0-1

[Event "Clichy"]
[Site "Clichy"]
[Date "1994.??.??"]
[Round "7"]
[White "Manouck, Thierry"]
[Black "Coupet, Pascal"]
[Result "1-0"]
[WhiteElo "2285"]
[BlackElo "2290"]
[PlyCount "84"]
[EventDate "1994.??.??"]
[EventType "tourn"]
[EventRounds "9"]
[EventCountry "FRA"]
[EventCategory "3"]
[SourceTitle "EXT 1999"]
[Source "ChessBase"]
[SourceDate "1998.11.16"]
[SourceVersion "1"]
[SourceVersionDate "1998.11.16"]
[SourceQuality "1"]

1. c4 g6 2. g3 Bg7 3. Bg2 c6 4. Nc3 Nf6 5. e4 d6 6. Nge2 Nbd7 7. 0-0 h5 8. h3 e5 9. d3 Nf8 10. d4 exd4 11. Nxd4 Ne6 12. Nb3 g5 13. c5 g4 14. Qxd6 Nd7 15. Be3 h4 16. hxg4 Be5 17. Qd2 hxg3 18. f4 Qh4 19. Rfe1 Bxc3 20. Qxc3 b6 21. Nd2 Qh2+ 22. Kf1 Ba6+ 23. Nc4 Ndxc5 24. Red1 Nxe4 25. Bxe4 Nxf4 26. Bxc6+ Kf8 27. Rd2 g2+ 28. Rxg2 Nxg2 29. Bxg2 Bxc4+ 30. Qxc4 Re8 31. Qb4+ Kg8 32. Qf4 Qh7 33. Rd1 Qc2 34. Rd2 Qc1+ 35. Kf2 Qc8 36. Bd4 Rh7 37. Bf6 Qc4 38. Bd4 Qc8 39. Qg5+ Kf8 40. Bc3 Qc5+ 41. Qxc5+ bxc5 42. Rd5 Rc8 1-0